(Pequeño) homenaje a Poincaré (1854-1912), ingeniero politécnico y gloria de la ciencia / (Record no. 182532)

MARC details
000 -LEADER
campo de control de longitud fija 00989nam a2200253 i 4500
001 - NÚMERO DE CONTROL
campo de control 182532
003 - IDENTIFICADOR DE NÚMERO DE CONTROL
campo de control ES-MaACL
005 - FECHA Y HORA DE LA ÚLTIMA TRANSACCIÓN
campo de control 20251120063151.0
008 - DATOS DE LONGITUD FIJA--INFORMACIÓN GENERAL
campo de control de longitud fija 130912s2012 sp a | |||||||| | spa d
020 ## - NÚMERO INTERNACIONAL ESTÁNDAR DEL LIBRO
Número Internacional Estándar del Libro 978-84-616-0640-5
080 ## - NÚMERO DE LA CLASIFICACIÓN DECIMAL UNIVERSAL
Número de la Clasificación Decimal Universal 929 Poincaré, Henri(082.2)
100 1# - ENTRADA PRINCIPAL--NOMBRE DE PERSONA
Nombre de persona Lanza, César,
Fechas asociadas al nombre 1955-
9 (RLIN) 153407
245 10 - MENCIÓN DEL TÍTULO
Título (Pequeño) homenaje a Poincaré (1854-1912), ingeniero politécnico y gloria de la ciencia /
Mención de responsabilidad, etc. César Lanza ; [traducción, Beatriz Sáenz de la Calzada].
250 ## - MENCION DE EDICION
Mención de edición 1ª ed.
260 ## - PUBLICACIÓN, DISTRIBUCIÓN, ETC.
Lugar de publicación, distribución, etc. Madrid :
Nombre del editor, distribuidor, etc. Tecnova I&S,
Fecha de publicación, distribución, etc. 2012.
300 ## - DESCRIPCIÓN FÍSICA
Extensión 134 p. :
Otras características físicas il. ;
Dimensiones 23 cm.
546 ## - NOTA DE IDIOMA
Nota de lengua/lenguaje Texto en español; prefacio en español y traducción al francés.
600 04 - PUNTO DE ACCESO ADICIONAL DE MATERIA--NOMBRE DE PERSONA
Nombre de persona Poincaré, Henri.
9 (RLIN) 92751
700 1# - ENTRADA AGREGADA--NOMBRE PERSONAL
Nombre de persona Sáenz de la Calzada, Beatriz.
9 (RLIN) 153408
852 ## - LOCALIZACIÓN
Ubicación ES-MaACL
Número de control de estantería A-12923
itemnumber 189445
Sublocalización o colección R.149722
Ubicación en estantería Depósito 1
Signatura antigua Olim: N-5923
Encuadernación Donación: César Lanza
903 ## - NOMBRE PERSONAL DE DONANTE
a Lanza, César,
d 1955-
e Donante
9 153407
942 ## - ELEMENTOS DE ENTRADA SECUNDARIOS (KOHA)
Fuente del sistema de clasificación o colocación Clasificación decimal universal
Tipo de ítem Koha Libro impreso
Holdings
Estatus retirado Estado de pérdida Fuente del sistema de clasificación o colocación Estado de daño No para préstamo Biblioteca de origen Biblioteca actual Ubicación en estantería Fecha de adquisición Fuente de adquisición Total de préstamos Signatura topográfica completa Código de barras Visto por última vez Precio de reemplazo Tipo de ítem Koha
    Clasificación decimal universal     Biblioteca del Ateneo de Madrid Biblioteca del Ateneo de Madrid Depósito 1 12/09/2013 Donación   A-12923 1191823 23/02/2023 23/02/2023 Libro impreso